Statistics for Counting to 100 in Base 12

Click here to take the quiz!

General Stats

  • This quiz has been taken 30 times
  • The average score is 47 of 101

Answer Stats

Base 10Base 12% Correct
00
100%
11
100%
22
100%
33
100%
44
100%
55
100%
66
100%
77
100%
88
100%
99
100%
1210
45%
1311
45%
1412
45%
1513
45%
1614
45%
1715
45%
1816
45%
1917
45%
2018
45%
2119
45%
3630
45%
3731
45%
3832
45%
3933
45%
4034
45%
4135
45%
4236
45%
4337
45%
4438
45%
4539
45%
2420
41%
2521
41%
2622
41%
2723
41%
2824
41%
2925
41%
3026
41%
3127
41%
3228
41%
3329
41%
4840
41%
4941
41%
5042
41%
5143
41%
5244
41%
5345
41%
5446
41%
5547
41%
5648
41%
5749
41%
6050
41%
6151
41%
6252
41%
6353
41%
6454
41%
6555
41%
6656
41%
6757
41%
6858
41%
6959
41%
7260
41%
7361
41%
7462
41%
7563
41%
7664
41%
7765
41%
7866
41%
7967
41%
8068
41%
8169
41%
8470
41%
8571
41%
8672
41%
8773
41%
8874
41%
8975
41%
9076
41%
9177
41%
9278
41%
9379
41%
9680
41%
9781
41%
9882
41%
9983
41%
10084
41%
10A
41%
221A
36%
231B
36%
342A
36%
352B
36%
463A
36%
473B
36%
584A
36%
594B
36%
705A
36%
715B
36%
826A
36%
836B
36%
947A
36%
957B
36%
11B
36%

Score Distribution

Percentile by Number Answered

Percent of People with Each Score

Your Score History

You have not taken this quiz